000 00489nam a22001697a 4500
010 _aENG-120519
020 _c600.00
035 _aEN-104051
037 _bDBAD/PUB
082 _a181.41
100 _aBhatnagar, V.S.
245 _aThe natha philosophy and asthanga-yoga /
_cby V.S.Bhatnagar
260 _aNew Delhi
_bAditya Prakashan
_c2012
270 _a2/18, Ansari Road,
_bDelhi
_e110002
300 _ax,179p. :
_b23cm(Hb).
_cill.
942 _2ddc
_cEN
_h181.41
_mBHA
999 _c144201
_d144201